[Event "COL-ch Amateur U2000"]
[Site "Bogota"]
[Date "2017.03.05"]
[Round "6"]
[White "Rodriguez, Juan Carlos"]
[Black "Martinez, Luis Hernando"]
[Result "1-0"]
[WhiteElo "1925"]
[BlackElo "1838"]
[PlyCount "51"]
[EventDate "2017.03.02"]
[EventType "swiss"]
[EventRounds "7"]
[EventCountry "COL"]
[SourceTitle "CBM 177 Extra"]
[Source "ChessBase"]
[SourceDate "2017.04.27"]
[SourceVersion "1"]
[SourceVersionDate "2017.04.27"]
[SourceQuality "1"]

1. c4 Nf6 2. Nc3 g6 3. g3 Bg7 4. Bg2 Na6 5. Rb1 0-0 6. b4 d6 7. b5 Nc5 8. d4 Ncd7 9. a4 e5 10. Nf3 exd4 11. Nxd4 Nc5 12. 0-0 Rb8 13. a5 Bd7 14. Qc2 Qc8 15. Bg5 Bh3 16. Bxf6 Bxf6 17. Nd5 Bxg2 18. Kxg2 Qd8 19. e3 Bg7 20. b6 cxb6 21. axb6 a6 22. Nc7 Qd7 23. Rb4 Bf6 24. Rd1 Rbc8 25. Nd5 Bd8 26. h4 1-0

[Event "COL-ch Amateur"]
[Site "Villavicencio"]
[Date "2015.02.19"]
[Round "3"]
[White "Rodriguez, Juan Carlos"]
[Black "Delavalle, Jose Francisco"]
[Result "1-0"]
[WhiteElo "1925"]
[BlackElo "1918"]
[PlyCount "103"]
[EventDate "2015.02.18"]
[EventType "swiss"]
[EventRounds "9"]
[EventCountry "COL"]
[SourceTitle "CBM 165 Extra"]
[Source "ChessBase"]
[SourceDate "2015.04.21"]
[SourceVersion "1"]
[SourceVersionDate "2015.04.21"]
[SourceQuality "1"]

1. c4 Nf6 2. Nc3 g6 3. g3 Bg7 4. Bg2 0-0 5. Nf3 d6 6. d3 Nc6 7. Rb1 e5 8. b4 Re8 9. 0-0 Rb8 10. a4 Bg4 11. h3 Be6 12. e4 h6 13. Be3 Nh5 14. b5 Ne7 15. Bxa7 Ra8 16. Be3 Qc8 17. Kh2 f5 18. exf5 Nxf5 19. Bd2 Ne7 20. Nh4 Bf7 21. Nd5 g5 22. Nxe7+ Rxe7 23. Nf3 Nf6 24. Ng1 Bg6 25. Bc3 g4 26. h4 h5 27. a5 e4 28. Re1 Qf5 29. Qd2 Rae8 30. a6 bxa6 31. bxa6 c6 32. Rb7 Rxb7 33. axb7 Rb8 34. Qa2 Qd7 35. Rb1 Ne8 36. Qa7 Bxc3 37. Qxb8 Be5 38. Qxe8+ Bxe8 39. b8Q Qe7 40. Bxe4 d5 41. Bxd5+ cxd5 42. Qb7 Qxh4+ 43. Kg2 Qf6 44. Qxd5+ Kg7 45. Rb7+ Kh8 46. Rd7 Bxd7 47. Qxd7 Bd4 48. Qe8+ Kg7 49. Qe2 Kg6 50. f4 Qc6+ 51. Qe4+ Qxe4+ 52. dxe4 1-0

[Event "Pan American Amateur-ch"]
[Site "San Andres Islas"]
[Date "2014.08.30"]
[Round "9"]
[White "Ordonez Gonzalez, Gabriel"]
[Black "Rodriguez, Juan Carlos"]
[Result "1-0"]
[WhiteElo "1873"]
[BlackElo "1729"]
[PlyCount "111"]
[EventDate "2014.08.26"]
[EventType "swiss"]
[EventRounds "9"]
[EventCountry "COL"]
[SourceTitle "EXT 2016"]
[Source "ChessBase"]
[SourceDate "2015.10.08"]
[SourceVersion "1"]
[SourceVersionDate "2015.10.08"]
[SourceQuality "1"]

1. c4 Nf6 2. Nc3 g6 3. d3 Bg7 4. g3 c6 5. Bg2 d6 6. e4 Nbd7 7. Nge2 0-0 8. 0-0 e5 9. h3 h5 10. Bg5 Qc7 11. Qd2 Kh7 12. f4 exf4 13. Bxf4 Ne5 14. b3 Ne8 15. d4 Nd7 16. c5 Qb8 17. cxd6 a5 18. e5 c5 19. Rae1 cxd4 20. Nxd4 Qa7 21. Ncb5 Qb6 22. Kh2 Nc5 23. Qe2 Ne6 24. Rd1 Bd7 25. Be4 Kg8 26. Nxe6 Bxb5 27. Qc2 fxe6 28. Bxg6 Bxf1 29. Rxf1 Qc6 30. Qe2 Qd7 31. Qxh5 Bh8 32. Rc1 b5 33. Qg4 Bg7 34. Qh5 Bh8 35. Bg5 Rf2+ 36. Kg1 Qa7 37. Be3 Rf5 38. Qxh8+ Kxh8 39. Bxa7 Nxd6 40. Bxf5 Nxf5 41. Bf2 Kh7 42. Rc6 Ng7 43. Rb6 b4 44. g4 Kg6 45. Kg2 Kf7 46. Kf3 Rc8 47. Ra6 Rc3+ 48. Be3 Ne8 49. Rxa5 Nc7 50. Rc5 Nd5 51. Rxc3 Nxc3 52. Bd4 Nxa2 53. Bb2 Nc3 54. Bxc3 bxc3 55. Ke3 Kg6 56. h4 1-0

[Event "Pan American Amateur-ch"]
[Site "San Andres Islas"]
[Date "2014.08.29"]
[Round "6"]
[White "Aguilar, Hernando"]
[Black "Rodriguez, Juan Carlos"]
[Result "1-0"]
[WhiteElo "1908"]
[BlackElo "1729"]
[PlyCount "101"]
[EventDate "2014.08.26"]
[EventType "swiss"]
[EventRounds "9"]
[EventCountry "COL"]
[SourceTitle "EXT 2016"]
[Source "ChessBase"]
[SourceDate "2015.10.08"]
[SourceVersion "1"]
[SourceVersionDate "2015.10.08"]
[SourceQuality "1"]

1. e4 e5 2. Bc4 Nf6 3. Nc3 Nc6 4. Nge2 Be7 5. 0-0 0-0 6. d4 Nxe4 7. Bxf7+ Rxf7 8. Nxe4 exd4 9. Nxd4 Nxd4 10. Qxd4 d5 11. Ng3 Bf6 12. Qd3 c5 13. c3 Be6 14. Nh5 c4 15. Qd1 Qb6 16. Nxf6+ Rxf6 17. b4 cxb3 18. axb3 d4 19. cxd4 Qxb3 20. Qd2 a6 21. Bb2 Bd5 22. Ra3 Qb5 23. Ra5 Qd7 24. Qg5 b5 25. f3 Rg6 26. Qd2 Re8 27. h3 Rge6 28. Raa1 Qe7 29. Ba3 Qf6 30. Rfe1 Rxe1+ 31. Rxe1 Rxe1+ 32. Qxe1 Qxd4+ 33. Kh1 Bf7 34. Qe7 h6 35. Kh2 Qd5 36. Qf8+ Kh7 37. Bb2 Qg5 38. Qxf7 b4 39. f4 Qg6 40. Qxg6+ Kxg6 41. g4 a5 42. Kg3 a4 43. Kf3 a3 44. Bc1 Kf6 45. Ke4 Ke6 46. Kd4 Kd6 47. Kc4 g5 48. f5 h5 49. Kxb4 Ke5 50. Kxa3 hxg4 51. hxg4 1-0

[Event "Pan American Amateur-ch"]
[Site "San Andres Islas"]
[Date "2014.08.29"]
[Round "7"]
[White "Vanegas Henao, Ricardo Javier"]
[Black "Rodriguez, Juan Carlos"]
[Result "0-1"]
[WhiteElo "1941"]
[BlackElo "1729"]
[PlyCount "76"]
[EventDate "2014.08.26"]
[EventType "swiss"]
[EventRounds "9"]
[EventCountry "COL"]
[SourceTitle "EXT 2016"]
[Source "ChessBase"]
[SourceDate "2015.10.08"]
[SourceVersion "1"]
[SourceVersionDate "2015.10.08"]
[SourceQuality "1"]

1. e4 e5 2. Nf3 Nc6 3. Bc4 Nf6 4. 0-0 Be7 5. Re1 0-0 6. c3 Nxe4 7. Bd5 Ng5 8. Bxc6 bxc6 9. Nxe5 Bf6 10. d4 Bb7 11. Qb3 Rb8 12. Qa4 a6 13. Nd2 Re8 14. Ndc4 d6 15. Nd3 Qd7 16. Bxg5 Bxg5 17. Rxe8+ Rxe8 18. Na5 Ba8 19. Nb4 Qe6 20. Rf1 Bc1 21. Nd3 Bh6 22. Nxc6 Qd7 23. d5 Qf5 24. c4 Qxd3 25. Qxa6 Bd2 26. g3 Qc2 27. Ne7+ Kf8 28. Nc8 Qf5 29. Na7 h5 30. Nb5 Qc8 31. Qa7 Bb7 32. a3 h4 33. Qd4 Bg5 34. gxh4 Bf6 35. Qf4 Be5 36. Qf3 Re6 37. h5 Rf6 38. Qe3 Qg4+ 0-1

[Event "Pan American Amateur-ch"]
[Site "San Andres Islas"]
[Date "2014.08.27"]
[Round "3"]
[White "Cuellar Rios, Gerardo"]
[Black "Rodriguez, Juan Carlos"]
[Result "1/2-1/2"]
[WhiteElo "1909"]
[BlackElo "1729"]
[PlyCount "112"]
[EventDate "2014.08.26"]
[EventType "swiss"]
[EventRounds "9"]
[EventCountry "COL"]
[SourceTitle "EXT 2016"]
[Source "ChessBase"]
[SourceDate "2015.10.08"]
[SourceVersion "1"]
[SourceVersionDate "2015.10.08"]
[SourceQuality "1"]

1. Nc3 e5 2. e4 Nc6 3. Bc4 Nf6 4. d3 d6 5. Nf3 Be7 6. h3 a6 7. Qe2 b5 8. Bb3 Bb7 9. Bg5 Nd7 10. Bxe7 Qxe7 11. Nd5 Qd8 12. c3 Na5 13. Ne3 Nxb3 14. axb3 Nc5 15. Qc2 0-0 16. c4 b4 17. 0-0 a5 18. Kh2 Qf6 19. Nd5 Bxd5 20. cxd5 Qf4+ 21. Kg1 f5 22. Rfe1 fxe4 23. dxe4 Qh6 24. Nxe5 Qf4 25. Nc4 a4 26. bxa4 Rxa4 27. Rxa4 Nxa4 28. f3 Qg3 29. Qf2 Rxf3 30. Qxg3 Rxg3 31. Kf2 Rb3 32. Re3 Nc5 33. Rxb3 Nxb3 34. Ke3 Kf7 35. Kd3 Nc5+ 36. Kd4 Nb3+ 37. Ke3 Kf6 38. Kf4 g5+ 39. Ke3 h5 40. g3 Nc5 41. Na5 b3 42. Kd4 Na4 43. Nc4 Nc5 44. e5+ Ke7 45. g4 hxg4 46. hxg4 Nd7 47. exd6+ cxd6 48. Ke4 Nf6+ 49. Kf5 Nxd5 50. Kxg5 Nb4 51. Nd2 Nd3 52. Nxb3 Nxb2 53. Nd4 Nd3 54. Nf5+ Ke6 55. Nxd6 Kxd6 56. Kf6 Ne5 1/2-1/2

[Event "Pan American-ch"]
[Site "Cartagena"]
[Date "2012.07.07"]
[Round "7"]
[White "Huertas Botache, Alvaro Arturo"]
[Black "Rodriguez, Juan Carlos"]
[Result "1-0"]
[WhiteElo "1820"]
[BlackElo "1728"]
[PlyCount "69"]
[EventDate "2012.07.04"]
[EventType "swiss"]
[EventRounds "9"]
[EventCountry "COL"]
[SourceTitle "CBM 149 Extra"]
[Source "ChessBase"]
[SourceDate "2012.08.24"]
[SourceVersion "1"]
[SourceVersionDate "2012.08.24"]
[SourceQuality "1"]

1. e4 e5 2. Nf3 Nc6 3. Bb5 a6 4. Ba4 d6 5. 0-0 Bd7 6. c3 Nf6 7. Re1 Be7 8. d4 0-0 9. h3 Kh8 10. Nbd2 Ng8 11. Bxc6 bxc6 12. dxe5 dxe5 13. Nxe5 f5 14. exf5 Rxf5 15. Ndf3 Be8 16. Qxd8 Rxd8 17. g4 Rf8 18. Bg5 h6 19. Bxe7 Nxe7 20. Rad1 Rxd1 21. Rxd1 Nd5 22. c4 Nf4 23. Kh2 Kg8 24. Rd8 Ne6 25. Ra8 Nc5 26. Ra7 Nd7 27. Kg3 h5 28. Nxd7 Bxd7 29. Rxc7 hxg4 30. hxg4 Be8 31. Ne5 Rf6 32. Rc8 Re6 33. Nxc6 Rxc6 34. Rxe8+ Kf7 35. Re4 1-0

[Event "Bogota McGregor op 2nd"]
[Site "Bogota"]
[Date "2011.12.07"]
[Round "3"]
[White "Moreno, Julian David"]
[Black "Rodriguez, Juan Carlos"]
[Result "0-1"]
[WhiteElo "1904"]
[BlackElo "1833"]
[PlyCount "60"]
[EventDate "2011.12.06"]
[EventType "swiss"]
[EventRounds "10"]
[EventCountry "COL"]
[SourceTitle "CBM 145 Extra"]
[Source "ChessBase"]
[SourceDate "2012.01.03"]
[SourceVersion "1"]
[SourceVersionDate "2012.01.03"]
[SourceQuality "1"]

1. e4 e5 2. Nf3 Nc6 3. d4 exd4 4. Nxd4 Qf6 5. Be3 a6 6. Nc3 Bb4 7. Be2 Nge7 8. 0-0 0-0 9. Nd5 Nxd5 10. exd5 Ne7 11. c4 c5 12. Nb3 Qxb2 13. Bc1 Qf6 14. Rb1 d6 15. Nd2 Bf5 16. Rb3 Rab8 17. Bb2 Qh6 18. Rg3 Ng6 19. Nb3 b5 20. a3 bxc4 21. Bxc4 Bd2 22. Nxd2 Rxb2 23. Nf3 Rfb8 24. Qa4 Nf4 25. Ne1 Be4 26. Re3 Qg6 27. Rg3 Qf5 28. Qxa6 Bxd5 29. Re3 Bxc4 30. Qxc4 Ne6 0-1

[Event "Bogota McGregor op 2nd"]
[Site "Bogota"]
[Date "2011.12.06"]
[Round "2"]
[White "Rodriguez, Juan Carlos"]
[Black "Calderon Zuluaga, Andrea"]
[Result "1-0"]
[WhiteElo "1833"]
[BlackElo "1781"]
[PlyCount "70"]
[EventDate "2011.12.06"]
[EventType "swiss"]
[EventRounds "10"]
[EventCountry "COL"]
[SourceTitle "CBM 145 Extra"]
[Source "ChessBase"]
[SourceDate "2012.01.03"]
[SourceVersion "1"]
[SourceVersionDate "2012.01.03"]
[SourceQuality "1"]

1. c4 e5 2. g3 Nf6 3. Bg2 d5 4. cxd5 Nxd5 5. Nc3 Be6 6. a3 Be7 7. Qb3 Nxc3 8. Qxc3 Bd5 9. e4 Be6 10. Qxe5 Bf6 11. Qb5+ Nd7 12. Nf3 Rb8 13. 0-0 0-0 14. d4 Nb6 15. d5 c6 16. dxc6 Bc4 17. Qc5 Be7 18. Qa5 Bxf1 19. Bxf1 Qd1 20. Qxa7 Qxf3 21. Qxb6 bxc6 22. Qxc6 Rfc8 23. Qa6 Qd1 24. Qd3 Rd8 25. Qe2 Rbc8 26. Qe3 h6 27. b4 Bg5 28. f4 Be7 29. Bb2 Qc2 30. Bd4 Bf6 31. e5 Be7 32. Bd3 Qa4 33. e6 fxe6 34. Qxe6+ Kf8 35. Bg6 Rxd4 1-0